Skip to main content
Your cart is empty.
Your lists
Log in to create your own lists
Your cookies
العربية
English
العربية
Home
Search
Advanced search
Authority search
About
The noble scholar, jurist, historian
His Excellency Dr. Abdul Wahhab bin Ibrahim Abu Sulaiman, may Allah have mercy on him.
He was born in Umm Al-Qura in the year 1356 AH.
Library catalog
Title
Author
Subject
ISBN
ISSN
Series
Call number
Log in to your account
×
Login:
Password:
Home
MARC view: مجلة الأحكام العدلية :
Normal view
MARC view
ISBD view
مجلة الأحكام العدلية : (Record no. 8659)
[
view plain
]
MARC details
000 -LEADER
fixed length control field
02740cam a2200349 i 4500
003 - CONTROL NUMBER IDENTIFIER
control field
SA-RiAUC
005 - DATE AND TIME OF LATEST TRANSACTION
control field
20250602100245.0
008 - FIXED-LENGTH DATA ELEMENTS--GENERAL INFORMATION
fixed length control field
250524s2008 jo f b 001 0 ara c
020 ## - INTERNATIONAL STANDARD BOOK NUMBER
International Standard Book Number
9789957230708
024 0# - OTHER STANDARD IDENTIFIER
Standard number or code
00000000985822
040 ## - CATALOGING SOURCE
Original cataloging agency
QA-DoFIS
Language of cataloging
ara
Transcribing agency
SA-RiAUC
Modifying agency
AE-DuMBRL
Description conventions
rda
043 ## - GEOGRAPHIC AREA CODE
Geographic area code
a-tu---
050 #4 - LIBRARY OF CONGRESS CALL NUMBER
Item number
.Q23 2008
082 04 - DEWEY DECIMAL CLASSIFICATION NUMBER
Classification number
346.561
Assigning agency
SA-RiAUC
090 ## - LOCALLY ASSIGNED LC-TYPE CALL NUMBER (OCLC); LOCAL CALL NUMBER (RLIN)
Classification number (OCLC) (R) ; Classification number, CALL (RLIN) (NR)
346.561
Local cutter number (OCLC) ; Book number/undivided call number, CALL (RLIN)
ق ب ج
100 1# - MAIN ENTRY--PERSONAL NAME
Personal name
القبج، سامر مازن شريف
Relator term
مؤلف.
245 10 - TITLE STATEMENT
Title
مجلة الأحكام العدلية :
Remainder of title
مصادرها وأثرها في قوانين الشرق الإسلامي /
Statement of responsibility, etc.
تأليف الدكتور سامر مازن القبج.
250 ## - EDITION STATEMENT
Edition statement
الطبعة الأولى.
264 #1 - PRODUCTION, PUBLICATION, DISTRIBUTION, MANUFACTURE, AND COPYRIGHT NOTICE
Place of production, publication, distribution, manufacture
عمان، الأردن :
Name of producer, publisher, distributor, manufacturer
دار الفتح للدراسات والنشر،
Date of production, publication, distribution, manufacture, or copyright notice
2008.
300 ## - PHYSICAL DESCRIPTION
Extent
374 صفحة ؛
Dimensions
24 × 17 سم
336 ## - CONTENT TYPE
Content type term
نص
Content type code
txt
Source
rdacontent
Materials specified
كتاب
337 ## - MEDIA TYPE
Media type term
بدون وسيط
Media type code
n
Source
rdamedia
338 ## - CARRIER TYPE
Carrier type term
مجلد
Carrier type code
nc
Source
rdacarrier
500 ## - GENERAL NOTE
General note
يشتمل على كشافات.
504 ## - BIBLIOGRAPHY, ETC. NOTE
Bibliography, etc. note
ببليوجرافية : صفحة 359-368.
520 ## - SUMMARY, ETC.
Summary, etc.
يتناول كتاب (مجلة الأحكام العدلية مصادرها وأثرها في قوانين الشرق الإسلامي) والذي قام بتأليفه د. سامر مازن القبج، موضوع (الفقه) هذه المجلة تعد من أهمٰ محاولات تقنين الفقه الإسلامي، ويظهر في ذلك أثر المذهب الحنفي بما توفر فيه من عوامل الاعتماد الرسمي لدى مؤسسة الحكم. وتأتي هذه الدراسة للتعريف بمجلة الأحكام، بدء من فكرتها وأسباب ظهورها، ثم بحثا في تصنيف موادها، وتوصيف مصادرها المختلفة، وبيان معايير الترجيح المتبعة في اختيار موادها، ومدى استقائها من المذاهب الأخرى غير الحنفي، وما وضع بعد عليها من شروح. وتناولت الدراسة تطور موقع المجلة في تشريعات الشرق الإسلامي وقوانينه، منذ وضع المجلة حتى عصرنا هذا. ثم تناولت في فصولها الأخيرة ما للمجلة من مزايا وما عليها من مآخذ، وما طرأ عليها من تعديلات.
630 27 - SUBJECT ADDED ENTRY--UNIFORM TITLE
Uniform title
مجلة الأحكام العدلية
Form subdivision
دراسة حالة
Source of heading or term
aucut
650 #7 - SUBJECT ADDED ENTRY--TOPICAL TERM
Topical term or geographic name entry element
القانون المدني
Geographic subdivision
تركيا
General subdivision
دوريات
Source of heading or term
aucsh
942 ## - ADDED ENTRY ELEMENTS (KOHA)
Source of classification or shelving scheme
Dewey Decimal Classification
Koha item type
Books
Suppress in OPAC
No
949 ## - LOCAL PROCESSING INFORMATION (OCLC)
a
SA-JeALM
d
250524
u
mohamedma123
n
1
Holdings
Withdrawn status
Lost status
Source of classification or shelving scheme
Damaged status
Not for loan
Home library
Current library
Date acquired
Total checkouts
Full call number
Barcode
Date last seen
Price effective from
Koha item type
Dewey Decimal Classification
DR AbdElwahab Library
DR AbdElwahab Library
06/02/2025
346.561 ق ب ج
000013926
06/02/2025
06/02/2025
Books
Place hold
Print
Add to your cart
(remove)
Save record
BIBTEX
Dublin Core
MARCXML
MARC (non-Unicode/MARC-8)
MARC (Unicode/UTF-8)
MARC (Unicode/UTF-8, Standard)
MODS (XML)
RIS
ISBD
More searches
Search for this title in:
Other Libraries (WorldCat)
Other Databases (Google Scholar)
Online Stores (Bookfinder.com)
Open Library (openlibrary.org)
Exporting to Dublin Core...
×
Simple DC-RDF
OAI-DC
SRW-DC